Les idées philosophiques et religieuses de Philon d'Alexandri / (Record no. 35731)
[ view plain ]
| 000 -LEADER | |
|---|---|
| campo de control de longitud fija | 00534nam a2200169 i 4500 |
| 001 - NÚMERO DE CONTROL | |
| campo de control | 35731 |
| 003 - IDENTIFICADOR DE NÚMERO DE CONTROL | |
| campo de control | ES-MaACL |
| 005 - FECHA Y HORA DE LA ÚLTIMA TRANSACCIÓN | |
| campo de control | 20230906155210.0 |
| 007 - CAMPO FIJO DE DESCRIPCIÓN FÍSICA--INFORMACIÓN GENERAL | |
| campo de control de longitud fija | t| |
| 008 - DATOS DE LONGITUD FIJA--INFORMACIÓN GENERAL | |
| campo de control de longitud fija | 030213s1908 fr ||||1| fre d |
| 100 1# - ENTRADA PRINCIPAL--NOMBRE DE PERSONA | |
| Nombre de persona | Bréhier, Émile. |
| 9 (RLIN) | 148586 |
| 245 14 - MENCIÓN DEL TÍTULO | |
| Título | Les idées philosophiques et religieuses de Philon d'Alexandri / |
| Mención de responsabilidad, etc. | par Emile Bréhier. |
| 260 ## - PUBLICACIÓN, DISTRIBUCIÓN, ETC. | |
| Lugar de publicación, distribución, etc. | Paris : |
| Nombre del editor, distribuidor, etc. | Alphonse Picard et Fils, etc, |
| Fecha de publicación, distribución, etc. | 1908 ( |
| Fabricante | L. Barnéoud) |
| 300 ## - DESCRIPCIÓN FÍSICA | |
| Extensión | XIV, 336 p. ; |
| Dimensiones | 25 cm. |
| 600 04 - PUNTO DE ACCESO ADICIONAL DE MATERIA--NOMBRE DE PERSONA | |
| Nombre de persona | Filón de Alejandría. |
| 9 (RLIN) | 50857 |
| 852 ## - LOCALIZACIÓN | |
| Ubicación | ES-MaACL |
| Número de control de estantería | F-1013 |
| Estatus retirado | Estado de pérdida | Estado de daño | No para préstamo | Biblioteca de origen | Biblioteca actual | Ubicación en estantería | Fecha de adquisición | Fuente de adquisición | Total de préstamos | Signatura topográfica completa | Código de barras | Visto por última vez | Precio de reemplazo | Tipo de ítem Koha |
|---|---|---|---|---|---|---|---|---|---|---|---|---|---|---|
| Biblioteca del Ateneo de Madrid | Biblioteca del Ateneo de Madrid | Depósito 2 | 17/01/2008 | F-1013 | 1037424 | 23/02/2023 | 23/02/2023 | Libro impreso |
